000 00287nam a2200133Ia 4500
100 _aJarapkar
650 _aGeneral
942 _cBK
654 _aShivan sastra part I
245 _aShivan sastra part II
260 _bNavneet publication
_aMumbai
300 _a200
546 _aMARATHI
999 _c35312
_d35312